00362cam a2200133Ii 4500020001500000020001500015040000800030082002600038245005700064300004000121650002500161700002400186700001800210 a0700704442 a0700704450 cPUL a508 NOR 1997 A058 Or.00aJapanese images of nature :bcultural perspectives / a290 pages :billustrations ;c22 cm 0aPhilosophy of nature1 aAsquith, Pamela J.,1 aKalland, Arne